01764nam a22002057a 4500003000800000005001700008006001900025007000300044008004100047020001800088040001700106041000800123050001500131100002700146245010600173260005000279300002300329505052600352520068000878BJBSDDR20260515164957.0a|||||r|||| 00| 0 ta260515s20252022nyu||||| |||| 00| 0 eng d a9780593297087 bspacBJBSDDR aeng bS641h 20251 aSmil, Vaclav, d1943- 10aHow the world really works :bthe science behind how we got here and where we're going /cVaclav Smil aNew York, [ New York] :bPenguin Books,c2025 a326 pages ;c21 cm aContenidos Introduction: Why do we need this book? Understanding energy : fuels and electricity Understanding food production : eating fossil fuels Understanding our material world : the four pillars of modern civilization Understanding globalization : engines, microchips, and beyond Understanding risks : from viruses to diets to solar flares Understanding the environment : the only biosphere we have Understanding the future : between apocalypse and singularity Appendix: Understanding numbers: orders of magnitude :  aAn essential analysis of the modern science and technology that makes our twenty-first century lives possible--a scientist's investigation into what science really does, and does not, accomplish. We have never had so much information at our fingertips and yet most ofus don't know how the world really works. This book explains seven of the most fundamental realities governing our survival and prosperity. From energy and food production, through our material world and its globalization, to risks, our environment and its future, How the World Really Works offers a much-needed reality check--because before we can tackle problems effectively, we must understand the facts.